[Event "Bialystok-ch U20"]
[Site "Bialystok"]
[Date "2013.01.21"]
[Round "6.1"]
[White "Trofimiuk, Tomasz"]
[Black "Widelski, Kacper"]
[Result "0-1"]
[WhiteElo "1602"]
[BlackElo "1564"]
[PlyCount "99"]
[EventDate "2013.01.21"]
[EventType "tourn"]
[EventRounds "9"]
[EventCountry "POL"]
[SourceTitle "EXT 2023"]
[Source "ChessBase"]
[SourceDate "2022.10.05"]
[SourceVersion "1"]
[SourceVersionDate "2022.10.05"]
[SourceQuality "1"]

1. e4 c5 2. Nf3 d6 3. d4 cxd4 4. Nxd4 Nf6 5. Nc3 a6 6. a4 e5 7. Nde2 Be6 8. Bg5 Nbd7 9. g3 h6 10. Bxf6 Nxf6 11. Bg2 Be7 12. 0-0 0-0 13. Qd2 Rc8 14. Rad1 Qb6 15. b3 Rfd8 16. Kh1 Ng4 17. Kg1 Bg5 18. Qd3 h5 19. h3 Nh6 20. Kh1 Rc5 21. f4 Bf6 22. f5 Bc8 23. Nd5 Qc6 24. c4 b5 25. cxb5 axb5 26. b4 Rc4 27. axb5 Qxb5 28. Nec3 Qc6 29. Nxf6+ gxf6 30. Nd5 Kf8 31. Qf3 Ng8 32. Qxh5 Ba6 33. Rfe1 Rc2 34. Qf3 Qc4 35. Ra1 Ra2 36. Rac1 Qd4 37. Qb3 Qf2 38. Rg1 Kg7 39. b5 Bb7 40. Rc7 Bxd5 41. Qxd5 Nh6 42. Qb3 Rb8 43. Rc6 Rb2 44. Qa4 Rh8 45. Qa1 Re2 46. Qf1 Ng4 47. Qxf2 Nxf2+ 48. Kh2 Ng4+ 49. Kh1 Rxh3+ 50. Bxh3 0-1

[Event "Bialystok-ch U20"]
[Site "Bialystok"]
[Date "2012.??.??"]
[Round "5"]
[White "Borawski, Jakub"]
[Black "Trofimiuk, Tomasz"]
[Result "1/2-1/2"]
[WhiteElo "1921"]
[BlackElo "1575"]
[PlyCount "60"]
[EventDate "2012.02.??"]
[EventType "tourn"]
[EventRounds "9"]
[EventCountry "POL"]
[SourceTitle "EXT 2014"]
[Source "ChessBase"]
[SourceDate "2013.11.20"]
[SourceVersion "1"]
[SourceVersionDate "2013.11.20"]
[SourceQuality "1"]

1. f4 Nf6 2. Nf3 d5 3. e3 e6 4. b3 b6 5. Bb2 Bb7 6. Ne5 a6 7. Qf3 Nbd7 8. Bd3 Bd6 9. Qg3 Bf8 10. f5 Nxe5 11. Bxe5 Rc8 12. fxe6 fxe6 13. 0-0 Kd7 14. Nc3 Be7 15. Ne2 Qf8 16. Nf4 Bd6 17. Qh3 Re8 18. Bb2 Bxf4 19. Rxf4 Kc8 20. Raf1 Kb8 21. Bxf6 gxf6 22. Rxf6 Qb4 23. c3 Qa3 24. Rxe6 Reg8 25. Ref6 Qxa2 26. R6f2 Qxb3 27. Qd7 Qa3 28. Rf7 Qc5 29. Bxh7 Rg5 30. Qe7 d4 1/2-1/2

[Event "Bialystok-ch U20"]
[Site "Bialystok"]
[Date "2012.??.??"]
[Round "1"]
[White "Daciuk, Jaroslaw"]
[Black "Trofimiuk, Tomasz"]
[Result "0-1"]
[WhiteElo "1627"]
[BlackElo "1575"]
[PlyCount "60"]
[EventDate "2012.02.??"]
[EventType "tourn"]
[EventRounds "9"]
[EventCountry "POL"]
[SourceTitle "EXT 2014"]
[Source "ChessBase"]
[SourceDate "2013.11.20"]
[SourceVersion "1"]
[SourceVersionDate "2013.11.20"]
[SourceQuality "1"]

1. c4 Nf6 2. Nf3 e6 3. Nc3 b6 4. d4 Bb4 5. Qc2 Bxc3+ 6. bxc3 Bb7 7. e3 Ne4 8. Bd3 f5 9. 0-0 0-0 10. Nd2 Nxd2 11. Bxd2 d6 12. f3 Nd7 13. e4 fxe4 14. fxe4 e5 15. Rxf8+ Qxf8 16. Rf1 Qe7 17. h3 Rf8 18. Rxf8+ Nxf8 19. Be3 c5 20. d5 Bc8 21. Qd1 Qh4 22. Bf2 Qg5 23. Kh2 Ng6 24. g3 Bd7 25. Qe1 Qh5 26. Bf1 Qf3 27. Bg2 Qd3 28. Bf1 Qc2 29. Bg2 Qb2 30. Qe3 Qxa2 0-1

[Event "Bialystok-ch U20"]
[Site "Bialystok"]
[Date "2012.??.??"]
[Round "3"]
[White "Zochowski, Kacper"]
[Black "Trofimiuk, Tomasz"]
[Result "1-0"]
[WhiteElo "2049"]
[BlackElo "1575"]
[PlyCount "53"]
[EventDate "2012.02.??"]
[EventType "tourn"]
[EventRounds "9"]
[EventCountry "POL"]
[SourceTitle "EXT 2014"]
[Source "ChessBase"]
[SourceDate "2013.11.20"]
[SourceVersion "1"]
[SourceVersionDate "2013.11.20"]
[SourceQuality "1"]

1. e4 c5 2. Ne2 d6 3. d4 cxd4 4. Nxd4 Nf6 5. Nc3 g6 6. f4 Nc6 7. Nf3 Bg7 8. Bd3 0-0 9. 0-0 a6 10. a4 b6 11. Qe1 Nb4 12. Qh4 Bb7 13. Bd2 Rc8 14. Rae1 b5 15. Kh1 bxa4 16. e5 Nxd3 17. cxd3 dxe5 18. fxe5 Nd5 19. Ne4 f6 20. Bh6 Rc2 21. Bxg7 Kxg7 22. Nfg5 fxg5 23. Nxg5 Rxf1+ 24. Rxf1 Qg8 25. Rf7+ Qxf7 26. Qxh7+ Kf8 27. Qxf7# 1-0

[Event "Bialystok Bieluczyk Memorial-B"]
[Site "Bialystok"]
[Date "2011.07.??"]
[Round "4"]
[White "Gorbacz, Filip"]
[Black "Trofimiuk, Tomasz"]
[Result "1/2-1/2"]
[WhiteElo "1668"]
[BlackElo "1561"]
[PlyCount "97"]
[EventDate "2011.07.??"]
[EventType "swiss"]
[EventRounds "9"]
[EventCountry "POL"]
[SourceTitle "EXT 2014"]
[Source "ChessBase"]
[SourceDate "2013.11.20"]
[SourceVersion "1"]
[SourceVersionDate "2013.11.20"]
[SourceQuality "1"]

1. e4 c5 2. Nf3 d6 3. d4 cxd4 4. Nxd4 Nf6 5. Nc3 g6 6. f4 Nc6 7. Nf3 Bg7 8. Bd3 0-0 9. 0-0 Nb4 10. Qe1 Bd7 11. h3 Nxd3 12. cxd3 b5 13. e5 dxe5 14. fxe5 Ne8 15. d4 Nc7 16. a3 Bc6 17. Be3 Nd5 18. Nxd5 Bxd5 19. Qd2 Qb6 20. Rac1 Rac8 21. b4 Rc4 22. Rxc4 bxc4 23. Qc3 Ra8 24. Nd2 Qc6 25. Rf2 Bf8 26. Nf1 Qa4 27. Bd2 Qb3 28. Ne3 Qxc3 29. Bxc3 e6 30. Nxd5 exd5 31. Ra2 Bh6 32. Kf2 Kf8 33. Kf3 Ke7 34. h4 Rf8 35. Re2 Kd7 36. b5 Rb8 37. a4 Bf8 38. Rb2 Ba3 39. Ra2 Be7 40. Kg4 h5+ 41. Kh3 Rb6 42. Ba5 Re6 43. Bc3 f6 44. Rd2 Kc7 45. Rf2 Kb6 46. Rd2 Bd8 47. g4 hxg4+ 48. Kxg4 Bc7 49. Kf4 1/2-1/2

[Event "Bialystok Bieluczyk Memorial-B"]
[Site "Bialystok"]
[Date "2011.07.??"]
[Round "7"]
[White "Trofimiuk, Tomasz"]
[Black "Daciuk, Jaroslaw"]
[Result "1/2-1/2"]
[WhiteElo "1561"]
[BlackElo "1627"]
[PlyCount "56"]
[EventDate "2011.07.??"]
[EventType "swiss"]
[EventRounds "9"]
[EventCountry "POL"]
[SourceTitle "EXT 2014"]
[Source "ChessBase"]
[SourceDate "2013.11.20"]
[SourceVersion "1"]
[SourceVersionDate "2013.11.20"]
[SourceQuality "1"]

1. e4 c5 2. d4 cxd4 3. Nf3 e6 4. Nxd4 a6 5. c4 Nf6 6. Bd3 Nc6 7. Be3 Bb4+ 8. Nd2 Ne5 9. Qc2 Nfg4 10. Bf4 Qb6 11. Bxe5 Nxe5 12. N4b3 Nxd3+ 13. Qxd3 0-0 14. 0-0 Rd8 15. Rac1 Qc7 16. a3 Be7 17. Rfe1 Bf6 18. Rc2 b6 19. Nd4 Qd6 20. e5 Bxe5 21. Qe4 Bxh2+ 22. Kh1 Ra7 23. Qh4 Bb7 24. Qxh2 Qxd4 25. Nb3 Qd3 26. Rc3 Qf5 27. Nd4 Qxf2 28. Rd1 Rc8 1/2-1/2

[Event "Bialystok qual-B"]
[Site "Bialystok"]
[Date "2011.05.??"]
[Round "5"]
[White "Borawski, Jakub"]
[Black "Trofimiuk, Tomasz"]
[Result "1/2-1/2"]
[WhiteElo "1911"]
[BlackElo "1561"]
[PlyCount "72"]
[EventDate "2011.05.??"]
[EventType "swiss"]
[EventRounds "9"]
[EventCountry "POL"]
[SourceTitle "EXT 2014"]
[Source "ChessBase"]
[SourceDate "2013.11.20"]
[SourceVersion "1"]
[SourceVersionDate "2013.11.20"]
[SourceQuality "1"]

1. e4 c5 2. Nf3 d6 3. d4 cxd4 4. Nxd4 Nf6 5. Nc3 g6 6. f3 Bg7 7. Be3 Nc6 8. Qd2 0-0 9. 0-0-0 d5 10. exd5 Nxd5 11. Nxc6 bxc6 12. Bd4 e5 13. Bc5 Be6 14. Ne4 Rb8 15. g4 Qc7 16. Bc4 Rfd8 17. Qf2 Qb7 18. b3 a5 19. a4 Nf4 20. Bxe6 Nxe6 21. Rxd8+ Rxd8 22. Bb6 Rb8 23. Bxa5 Nd4 24. Bc3 Qa7 25. g5 c5 26. Qf1 Rc8 27. Bxd4 exd4 28. Qc4 Qc7 29. Kb1 Qf4 30. Rf1 Qe5 31. Nf6+ Bxf6 32. gxf6 Qxf6 33. a5 Qc6 34. Kb2 Ra8 35. Ra1 Qc7 36. a6 Qb6 1/2-1/2

[Event "Bialystok qual-B"]
[Site "Bialystok"]
[Date "2011.05.??"]
[Round "3"]
[White "Trofimiuk, Tomasz"]
[Black "Strojek, Kazimierz"]
[Result "1-0"]
[WhiteElo "1561"]
[BlackElo "1775"]
[PlyCount "73"]
[EventDate "2011.05.??"]
[EventType "swiss"]
[EventRounds "9"]
[EventCountry "POL"]
[SourceTitle "EXT 2014"]
[Source "ChessBase"]
[SourceDate "2013.11.20"]
[SourceVersion "1"]
[SourceVersionDate "2013.11.20"]
[SourceQuality "1"]

1. e4 e6 2. d4 d5 3. Nc3 Nf6 4. e5 Nfd7 5. Nf3 c5 6. dxc5 Bxc5 7. Bd3 Nc6 8. Bf4 Qb6 9. 0-0 Qxb2 10. Nb5 Qb4 11. Bd2 Qg4 12. h3 Qh5 13. Nc7+ Kd8 14. Nxa8 Ndxe5 15. Nxe5 Qxe5 16. Qg4 h5 17. Qh4+ Be7 18. Qf4 Bd6 19. Qxe5 Bxe5 20. Rab1 Bd6 21. Bb5 Bd7 22. Be3 Ke7 23. Nb6 axb6 24. Bxb6 Rc8 25. a4 Nb4 26. Bxd7 Kxd7 27. Bd4 e5 28. Bxe5 Nxc2 29. Bxd6 Kxd6 30. Rxb7 Rf8 31. Rc1 Nd4 32. Rcc7 Ra8 33. Rxf7 Rxa4 34. Rxg7 Ra1+ 35. Kh2 Ra2 36. f4 h4 37. Rb1 1-0

[Event "Bialystok Zamenhof Memorial-B"]
[Site "Bialystok"]
[Date "2010.12.??"]
[Round "8"]
[White "Trofimiuk, Tomasz"]
[Black "Szydlowski, Wiktor"]
[Result "1-0"]
[WhiteElo "1399"]
[BlackElo "1865"]
[PlyCount "43"]
[EventDate "2010.12.27"]
[EventType "swiss"]
[EventRounds "9"]
[EventCountry "POL"]
[SourceTitle "EXT 2014"]
[Source "ChessBase"]
[SourceDate "2013.11.20"]
[SourceVersion "1"]
[SourceVersionDate "2013.11.20"]
[SourceQuality "1"]

1. e4 e5 2. Nf3 Nc6 3. d4 exd4 4. Nxd4 Qh4 5. Nb5 Bb4+ 6. N1c3 Qxe4+ 7. Be3 Bxc3+ 8. bxc3 Kd8 9. Qe2 Nge7 10. Nxc7 Qe5 11. Nb5 a6 12. Bb6+ Ke8 13. Nc7+ Kf8 14. Qxe5 Nxe5 15. Nxa8 d5 16. Bc5 Bd7 17. Nb6 Bc6 18. 0-0-0 f6 19. f4 N5g6 20. Nxd5 Bxd5 21. Rxd5 Kf7 22. Rd7 1-0

[Event "Bialystok op-B"]
[Site "Bialystok"]
[Date "2010.11.??"]
[Round "6"]
[White "Smolarczyk, Tomasz"]
[Black "Trofimiuk, Tomasz"]
[Result "0-1"]
[WhiteElo "1589"]
[BlackElo "1399"]
[PlyCount "118"]
[EventDate "2010.11.??"]
[EventType "swiss"]
[EventRounds "9"]
[EventCountry "POL"]
[SourceTitle "EXT 2014"]
[Source "ChessBase"]
[SourceDate "2013.11.20"]
[SourceVersion "1"]
[SourceVersionDate "2013.11.20"]
[SourceQuality "1"]

1. e4 c5 2. Nf3 d6 3. d4 cxd4 4. Nxd4 Nf6 5. Nc3 g6 6. Be3 Bg7 7. f3 Nc6 8. Qd2 0-0 9. 0-0-0 d5 10. Nxc6 bxc6 11. exd5 Nxd5 12. Bd4 e5 13. Bc5 Be6 14. Ne4 Rb8 15. h4 Qc7 16. g4 Rfd8 17. h5 Nf4 18. Bd6 Qb6 19. Qc3 Nd5 20. Qb3 Nb4 21. Bc4 Bxc4 22. Qxc4 Qe3+ 23. Kb1 Qxf3 24. hxg6 Nd5 25. Bxb8 Rxb8 26. Rdf1 Qxe4 27. gxf7+ Kf8 28. Qxe4 Nc3+ 29. Kc1 Nxe4 30. Rxh7 Ng5 31. Rh5 Nxf7 32. Rhf5 Rb7 33. g5 Kg8 34. g6 Nd6 35. R5f3 e4 36. Rb3 Rxb3 37. cxb3 Bh6+ 38. Kc2 Kg7 39. Re1 Kxg6 40. Kc3 a5 41. Kd4 Kf6 42. a3 Ke6 43. b4 axb4 44. a4 Bg7+ 45. Kc5 Bxb2 46. Kxb4 Kd5 47. Re2 c5+ 48. Kb3 Bd4 49. Rh2 c4+ 50. Kc2 e3 51. Rh5+ Be5 52. a5 Kd4 53. a6 Nb5 54. Rh4+ Kd5 55. Rh5 Ke4 56. Kd1 c3 57. Rh4+ Kd3 58. Rh5 e2+ 59. Ke1 Bg3# 0-1

[Event "Bialystok Bieluczyk Memorial-C 2nd"]
[Site "Bialystok"]
[Date "2010.07.02"]
[Round "9"]
[White "Trofimiuk, Tomasz"]
[Black "Murawko, Katarzyna"]
[Result "0-1"]
[WhiteElo "1295"]
[BlackElo "1736"]
[PlyCount "86"]
[EventDate "2010.06.26"]
[EventType "swiss"]
[EventRounds "9"]
[EventCountry "POL"]
[SourceTitle "EXT 2012"]
[Source "ChessBase"]
[SourceDate "2011.11.24"]
[SourceVersion "1"]
[SourceVersionDate "2011.11.24"]
[SourceQuality "1"]

1. e4 c5 2. Nf3 d6 3. d4 cxd4 4. Nxd4 Nf6 5. Nc3 a6 6. Be2 e5 7. Nb3 Be6 8. 0-0 Be7 9. Be3 Nbd7 10. Kh1 b5 11. a3 Qc7 12. f4 0-0 13. Nd2 Nc5 14. f5 Bd7 15. g4 Bc6 16. Bxc5 dxc5 17. g5 Nd7 18. f6 gxf6 19. gxf6 Nxf6 20. Qe1 Kh8 21. Bg4 Nxg4 22. Rf5 Qd7 23. Qe2 Qxf5 24. Rf1 Qh5 25. Nf3 f6 26. Ng1 b4 27. Nd5 Bxd5 28. exd5 Qxh2+ 29. Qxh2 Nxh2 30. Kxh2 bxa3 31. bxa3 Rad8 32. c4 Bd6 33. Kh3 f5 34. Nf3 e4 35. Ng5 Rde8 36. Ne6 Rf6 37. Kh4 h6 38. Kh5 e3 39. a4 e2 40. Rg1 Rfxe6 41. a5 e1Q 42. Rg8+ Rxg8 43. dxe6 Qh1# 0-1

[Event "Bialystok Bieluczyk Memorial-C 2nd"]
[Site "Bialystok"]
[Date "2010.07.01"]
[Round "8"]
[White "Trofimiuk, Tomasz"]
[Black "Lada, Michal"]
[Result "1/2-1/2"]
[WhiteElo "1295"]
[BlackElo "1642"]
[PlyCount "86"]
[EventDate "2010.06.26"]
[EventType "swiss"]
[EventRounds "9"]
[EventCountry "POL"]
[SourceTitle "EXT 2012"]
[Source "ChessBase"]
[SourceDate "2011.11.24"]
[SourceVersion "1"]
[SourceVersionDate "2011.11.24"]
[SourceQuality "1"]

1. e4 c6 2. d4 d5 3. exd5 cxd5 4. Nf3 Nf6 5. Be2 Nc6 6. 0-0 Bf5 7. c3 e6 8. Bf4 Bd6 9. Ne5 Bxe5 10. Bxe5 Nxe5 11. dxe5 Nd7 12. Qd4 Qb6 13. Qxb6 Nxb6 14. Nd2 0-0 15. f4 h6 16. Rac1 Rac8 17. c4 dxc4 18. Nxc4 Nxc4 19. Bxc4 Rfd8 20. Bb3 a6 21. Rxc8 Rxc8 22. Rd1 Be4 23. Kf2 Kf8 24. Rd4 Bc6 25. Rc4 Rd8 26. Rc2 Rd4 27. g3 Ke7 28. Ke3 Re4+ 29. Kf2 Rb4 30. Rd2 a5 31. Bd1 Bd5 32. b3 g6 33. Bf3 a4 34. Bxd5 exd5 35. bxa4 Rxa4 36. Rb2 b5 37. Rxb5 Rxa2+ 38. Kf3 Rxh2 39. Rxd5 h5 40. Ra5 Rh1 41. Ra7+ Kf8 42. Ra8+ Kg7 43. Ra7 Re1 1/2-1/2

[Event "Bialystok Bieluczyk Memorial-C 2nd"]
[Site "Bialystok"]
[Date "2010.06.30"]
[Round "6"]
[White "Trofimiuk, Tomasz"]
[Black "Smolarczyk, Tomasz"]
[Result "1-0"]
[WhiteElo "1295"]
[BlackElo "1621"]
[PlyCount "71"]
[EventDate "2010.06.26"]
[EventType "swiss"]
[EventRounds "9"]
[EventCountry "POL"]
[SourceTitle "EXT 2012"]
[Source "ChessBase"]
[SourceDate "2011.11.24"]
[SourceVersion "1"]
[SourceVersionDate "2011.11.24"]
[SourceQuality "1"]

1. e4 e5 2. Nf3 Nc6 3. d4 exd4 4. Nxd4 Bc5 5. Be3 Qf6 6. Nb5 Bxe3 7. fxe3 Qh4+ 8. g3 Qd8 9. Qg4 g6 10. Bc4 a6 11. Qf4 d5 12. Bxd5 Nf6 13. Nxc7+ Kf8 14. Nxa8 Nxd5 15. exd5 Qxd5 16. e4 Qb5 17. b3 Kg7 18. Nc7 Qh5 19. 0-0 Rf8 20. Qf6+ Kg8 21. Nc3 Qc5+ 22. Kh1 Nd4 23. Ne8 Ne6 24. Nd5 Rxe8 25. Qxf7+ Kh8 26. Qxe8+ Kg7 27. Qe7+ Qxe7 28. Nxe7 Bd7 29. Rad1 Bc6 30. Nxc6 bxc6 31. Rd6 Nc5 32. Rxc6 Nxe4 33. Rxa6 Nc3 34. Ra7+ Kh6 35. Rff7 Kg5 36. Rxh7 1-0

[Event "Bialystok Spring op-B"]
[Site "Bialystok"]
[Date "2010.05.08"]
[Round "7"]
[White "Trofimiuk, Tomasz"]
[Black "Jablonski, Zenon"]
[Result "0-1"]
[WhiteElo "1295"]
[BlackElo "2109"]
[PlyCount "62"]
[EventDate "2010.05.01"]
[EventType "swiss"]
[EventRounds "9"]
[EventCountry "POL"]
[SourceTitle "EXT 2012"]
[Source "ChessBase"]
[SourceDate "2011.11.24"]
[SourceVersion "1"]
[SourceVersionDate "2011.11.24"]
[SourceQuality "1"]

1. e4 c5 2. c3 d5 3. exd5 Qxd5 4. d4 cxd4 5. cxd4 Nc6 6. Be3 e5 7. Nc3 Bb4 8. Nge2 Nf6 9. dxe5 Qxe5 10. a3 Ba5 11. b4 Bb6 12. Qd2 0-0 13. Ng3 Re8 14. Be2 Qd5 15. 0-0 Qxd2 16. Bxd2 Nd4 17. Bd1 Be6 18. Rb1 Bc4 19. Re1 Rxe1+ 20. Bxe1 Re8 21. Ba4 Re6 22. Bd2 Bd3 23. Rc1 h6 24. h3 h5 25. Nf1 Ne4 26. Re1 Nxc3 27. Bxc3 Ne2+ 28. Rxe2 Rxe2 29. Ng3 Rxf2 30. Kh2 h4 31. Nf1 Bc7+ 0-1

[Event "Bialystok-ch U20"]
[Site "Bialystok"]
[Date "2010.01.27"]
[Round "5"]
[White "Stasiewicz, Jan"]
[Black "Trofimiuk, Tomasz"]
[Result "0-1"]
[WhiteElo "1553"]
[BlackElo "1290"]
[PlyCount "132"]
[EventDate "2010.01.25"]
[EventType "swiss"]
[EventRounds "9"]
[EventCountry "POL"]
[SourceTitle "EXT 2012"]
[Source "ChessBase"]
[SourceDate "2011.11.24"]
[SourceVersion "1"]
[SourceVersionDate "2011.11.24"]
[SourceQuality "1"]

1. d4 d5 2. c4 e6 3. Nf3 Nf6 4. Bg5 Be7 5. Nc3 Nbd7 6. e3 0-0 7. Be2 c6 8. 0-0 b6 9. cxd5 Nxd5 10. Nxd5 Bxg5 11. Nb4 Bb7 12. Nxg5 Qxg5 13. Bf3 Rac8 14. Qa4 a6 15. Rac1 b5 16. Qb3 Nb8 17. Rc2 Rc7 18. Rfc1 Rfc8 19. Nd3 Nd7 20. a4 Qd8 21. axb5 axb5 22. Rc3 Qf8 23. Qc2 h6 24. Nb4 Qxb4 25. Bh5 Qe7 26. Qe2 Nf6 27. Bf3 Nd5 28. Rc5 Ra8 29. Qe1 Qd7 30. e4 Nf4 31. Qe3 Ng6 32. d5 exd5 33. exd5 Re8 34. Qc3 Ne7 35. Re1 Rec8 36. Qd3 Nxd5 37. Bxd5 cxd5 38. Rxc7 Rxc7 39. Ra1 Rc8 40. h3 Ra8 41. Rc1 Ra6 42. Qg3 Rg6 43. Qb8+ Kh7 44. Rc7 Qxh3 45. g3 Ba6 46. Rxf7 Re6 47. Rxg7+ Kxg7 48. Qc7+ Kg6 49. Qc2+ Qf5 50. Qd1 Rf6 51. f4 h5 52. Qe1 Re6 53. Qc3 Qb1+ 54. Kf2 Qe1+ 55. Qxe1 Rxe1 56. Kxe1 b4 57. Kf2 Bc4 58. Kf3 Kf5 59. Ke3 b3 60. Kd4 h4 61. gxh4 Kxf4 62. h5 Kg5 63. h6 Kxh6 64. Ke5 Kh5 65. Kd4 Kh4 66. Kc3 Kg3 0-1